000 00443nam a2200181Ia 4500
001 15841
005 20260306170225.0
008 260306t2001||||xx |||||||||||||| ||und||
041 _aESP
082 _a620.11
_bM22
100 _aMangonon, Pat L
_eAUT
245 0 _aCiencia de materiales:
_bselección y diseño
260 _c2001
300 _axvi, 824 páginas :
_c26 cm.
650 _aGEN
654 _aCII
942 _cLIB
_dJUS
_fJUS
_2ddc
_n
999 _c15841
_d15841